Statystyki dla Flagi państw graniczących z Rosją

Kliknij tutaj aby rozwiązać quiz!

Ogólne statystyki

  • Ten quiz został rozwiązany 29 488 razy
  • Średni wynik to 13 z 14

Statystyki odpowiedzi

Odpowiedź% Poprawnych
Chiny
99%
Polska
99%
Ukraina
99%
Finlandia
98%
Estonia
97%
Norwegia
97%
Białoruś
95%
Kazachstan
93%
Litwa
93%
Łotwa
92%
Gruzja
91%
Korea Północna
85%
Mongolia
78%
Azerbejdżan
77%

Rozkład punktacji

Percentyl według liczby udzielonych odpowiedzi

Procent ludzi z każdym wynikiem

Twoja historia wyników

Nie rozwiązałeś tego quizu